[Event "21st TCh-RUS 2014"]
[Site "Loo RUS"]
[Date "2014.04.08"]
[Round "2.5"]
[Board "6"]
[White "Mokshanov, Alexey"]
[Black "Kostin, Alexey"]
[Result "1/2-1/2"]
[WhiteTitle "FM"]
[BlackTitle "IM"]
[WhiteElo "2428"]
[BlackElo "2283"]
[WhiteTeam "Lada (Samara region)"]
[BlackTeam "Turbopump (Voronezh region)"]
[WhiteFideId "24121657"]
[BlackFideId "4120736"]
[EventDate "2014.04.07"]

1. e4 c5 2. Nf3 e6 3. c3 Nf6 4. e5 Nd5 5. Bc4 d6 6. d4 cxd4 7. cxd4 Nb6 8. Bd3
dxe5 9. Nxe5 Nc6 10. Nxc6 bxc6 11. O-O Qxd4 12. Qf3 Bb7 13. Rd1 Qd7 14. Nc3 Nd5
15. Ne4 Rd8 16. Bd2 Qc7 17. Rac1 Be7 18. Qh5 Nf4 19. Bxf4 Qxf4 20. Nc5 g6 21.
Qe2 Bxc5 22. Rxc5 O-O 23. Rdc1 Rd7 24. g3 Qh6 25. R1c2 Rfd8 26. Be4 Qh3 27. Rc1
Rd2 28. Qf3 Rxb2 29. Bxc6 Bxc6 30. Rxc6 Qf5 31. Qxf5 gxf5 32. R1c2 Rxc2 33. Rxc2
Rd4 34. f4 Ra4 35. Kg2 Ra3 36. Kh3 Kg7 37. Kh4 Kg6 38. Re2 a5 39. Rc2 Re3 40.
Kh3 a4 41. Rc4 a3 42. Ra4 f6 43. Ra6 h6 44. Kh4 Re2 45. h3 Rxa2 46. Rxe6 Rb2 47.
Ra6 a2 48. Ra7 Rg2 49. g4 fxg4 50. hxg4 h5 51. gxh5+ Kf5 52. Kh3 Rb2 53. h6 Kxf4
54. h7 Rb3+ 55. Kh2 Rb8 56. Rxa2 Rh8 57. Ra7 Kg5 58. Kg3 Kg6 59. Kg4 Rxh7 60.
Rxh7 1/2-1/2

[Event "21st TCh-RUS 2014"]
[Site "Loo RUS"]
[Date "2014.04.08"]
[Round "2.6"]
[Board "1"]
[White "Potapov, Pavel"]
[Black "Fedoseev, Vladimir3"]
[Result "1/2-1/2"]
[WhiteTitle "IM"]
[BlackTitle "GM"]
[WhiteElo "2475"]
[BlackElo "2663"]
[WhiteTeam "Yamal"]
[BlackTeam "SDYUSSHOR SHSH Chigorin Chess Club"]
[WhiteFideId "4169786"]
[BlackFideId "24130737"]
[EventDate "2014.04.07"]

1. e4 e6 2. d4 d5 3. e5 c5 4. c3 Nc6 5. Nf3 Bd7 6. a3 c4 7. g3 Nge7 8. h4 Nc8 9.
Bh3 b5 10. Bf4 Nb6 11. Nbd2 Be7 12. Qc2 a5 13. O-O h6 14. h5 Qc7 15. Rfe1 O-O-O
16. b3 cxb3 17. Qxb3 Na7 18. Bf1 Kb7 19. Rec1 Ka8 20. Ne1 Rb8 21. Nd3 Nc4 22. a4
bxa4 23. Qa2 Bb5 24. Nxc4 Qxc4 25. Qxc4 Bxc4 26. Rxa4 Nc6 27. Bd2 Rb5 28. Nb4
Bxb4 29. cxb4 Nxd4 30. Bc3 Nb3 31. Bxc4 dxc4 32. Re1 Rd8 33. Re4 Rc8 34. bxa5
Nc5 35. Raxc4 Nxe4 36. Rxc8+ Kb7 37. Rc4 Nxc3 38. Rxc3 Rxe5 39. a6+ Kxa6 40. Rc7
Rf5 41. Kg2 Kb6 42. Re7 Kc5 43. f3 Kd4 44. g4 Rf6 45. Ra7 g6 46. hxg6 fxg6 47.
Rh7 g5 48. Ra7 e5 49. Ra4+ Kd5 50. Ra5+ Kd6 51. Kg3 Re6 52. Ra6+ Ke7 53. Ra4 Rd6
54. Rb4 Kf6 55. Ra4 Kg6 56. Rb4 h5 57. gxh5+ Kxh5 58. Rb5 Re6 59. Ra5 Kg6 1/2-1/2

[Event "21st TCh-RUS 2014"]
[Site "Loo RUS"]
[Date "2014.04.08"]
[Round "2.6"]
[Board "2"]
[White "Goganov, Aleksey"]
[Black "Belyakov, Bogdan"]
[Result "1-0"]
[WhiteTitle "GM"]
[BlackTitle "IM"]
[WhiteElo "2587"]
[BlackElo "2444"]
[WhiteTeam "SDYUSSHOR SHSH Chigorin Chess Club"]
[BlackTeam "Yamal"]
[WhiteFideId "24109959"]
[BlackFideId "24104795"]
[EventDate "2014.04.07"]

1. Nf3 Nf6 2. c4 g6 3. g3 Bg7 4. Bg2 O-O 5. O-O d6 6. d4 Nc6 7. Nc3 a6 8. h3 Nd7
9. Bg5 h6 10. Be3 e5 11. Qd2 Kh7 12. Rad1 Rb8 13. b3 f5 14. dxe5 dxe5 15. Nd5
Ne7 16. Bg5 hxg5 17. Nxg5+ Kh8 18. Ne6 Qe8 19. Qg5 Ng8 20. Ndxc7 Qe7 21. Qxg6
Rf6 22. Qxg7+ Qxg7 23. Nxg7 Kxg7 24. Ne8+ Kf7 25. Nxf6 Ngxf6 26. Rd2 Ke7 27.
Rfd1 Nf8 28. c5 Be6 29. c6 e4 30. cxb7 Rxb7 31. Rc1 Bd7 32. f4 Ne6 33. e3 Rb8
34. Bf1 Rg8 35. Kf2 a5 36. Bc4 Rc8 37. Rcc2 Nc5 38. Kg2 Rb8 39. Be2 Nb7 40. Rc7
Nd8 41. g4 fxg4 42. hxg4 Rb7 43. Rxb7 Nxb7 44. Kg3 Bc6 45. Bc4 Bd7 46. f5 Nd6
47. Kf4 Bc8 48. Rh2 a4 49. g5 Nfe8 50. f6+ Nxf6 51. gxf6+ Kxf6 52. Bd5 axb3 53.
axb3 Bf5 54. Rh6+ Bg6 55. Bxe4 1-0

[Event "21st TCh-RUS 2014"]
[Site "Loo RUS"]
[Date "2014.04.08"]
[Round "2.6"]
[Board "3"]
[White "Goryachkina, Aleksandra"]
[Black "Rozum, Ivan"]
[Result "1/2-1/2"]
[WhiteTitle "WGM"]
[BlackTitle "IM"]
[WhiteElo "2423"]
[BlackElo "2532"]
[WhiteTeam "Yamal"]
[BlackTeam "SDYUSSHOR SHSH Chigorin Chess Club"]
[WhiteFideId "4147103"]
[BlackFideId "24104272"]
[EventDate "2014.04.07"]

1. d4 g6 2. c4 Bg7 3. Nf3 d6 4. e4 Nd7 5. Be2 e6 6. Nc3 b6 7. Bg5 Ne7 8. Qd2 h6
9. Be3 Bb7 10. h3 f5 11. Bd3 Nf6 12. d5 fxe4 13. Nxe4 exd5 14. Nxf6+ Bxf6 15.
cxd5 Qd7 16. Bc4 Nf5 17. O-O-O c5 18. Rhe1 O-O-O 19. Qd3 Qg7 20. Qb3 Rhe8 21.
Bd2 Nd4 22. Nxd4 Bxd4 23. f4 Kc7 24. Bc3 Bxc3 25. Qxc3 Qxc3+ 26. bxc3 Bc8 27.
Kd2 Bd7 28. Bd3 Bf5 29. Bb5 Bd7 30. Bd3 Bf5 31. Bb5 Bd7 32. Bd3 1/2-1/2

[Event "21st TCh-RUS 2014"]
[Site "Loo RUS"]
[Date "2014.04.08"]
[Round "2.6"]
[Board "4"]
[White "Ionov, Sergey"]
[Black "Okara, Andrey"]
[Result "1/2-1/2"]
[WhiteTitle "GM"]
[BlackTitle "IM"]
[WhiteElo "2538"]
[BlackElo "2347"]
[WhiteTeam "SDYUSSHOR SHSH Chigorin Chess Club"]
[BlackTeam "Yamal"]
[WhiteFideId "4100875"]
[BlackFideId "4181360"]
[EventDate "2014.04.07"]

1. d4 d5 2. c4 c6 3. Nf3 Nf6 4. e3 e6 5. b3 c5 6. Bb2 Nc6 7. Nbd2 cxd4 8. exd4
g6 9. Bd3 Bg7 10. O-O O-O 11. Qe2 b6 12. Rac1 Bb7 13. Rfd1 Qe7 14. Ne5 Rac8 15.
Ndf3 Rc7 16. Nxc6 Rxc6 17. Ne5 Rc7 18. c5 Nd7 19. Nxd7 Qxd7 20. b4 Qe7 21. Rb1
Rd8 22. Qe3 bxc5 23. bxc5 Qd7 24. Bc3 Re8 25. Bf1 Bc6 26. Ba6 Bb7 27. Bb5 Bc6
28. Ba6 Bb7 29. Be2 Rcc8 30. Rb2 Bc6 31. Rdb1 Qc7 32. f4 Re7 33. g3 Rce8 34. Qd2
f6 35. Bg4 Kf7 36. Ba5 Qc8 37. Rb3 Ba8 38. Bc3 Qc7 39. Ba5 Qc8 40. h4 Bc6 41.
Kh2 Qa8 42. Bc3 Kg8 43. Qb2 e5 44. Rb8 Rxb8 45. Qxb8+ Qxb8 46. Rxb8+ Kf7 47.
dxe5 fxe5 48. fxe5 Bxe5 49. Bxe5 Rxe5 50. Rc8 Bb7 51. Rb8 Re7 52. Bf3 Ke6 53. h5
gxh5 54. Bxh5 Rc7 55. Re8+ Kf6 56. Bd1 Rxc5 57. Rf8+ Kg7 58. Rd8 Rc7 59. Rd6 Kf8
60. Bb3 Ke7 61. Rh6 Kd8 62. Kg1 Rg7 63. Kf2 Kc7 64. Bc2 Rg5 65. Bxh7 Bc6 66. Bc2
d4 67. Rh4 Rd5 68. Be4 Rd7 69. Bxc6 Kxc6 70. Ke2 Re7+ 1/2-1/2

[Event "21st TCh-RUS 2014"]
[Site "Loo RUS"]
[Date "2014.04.08"]
[Round "2.6"]
[Board "5"]
[White "Savitskiy, Sergey"]
[Black "Alekseenko, Kirill"]
[Result "0-1"]
[WhiteTitle "FM"]
[BlackTitle "FM"]
[WhiteElo "2356"]
[BlackElo "2462"]
[WhiteTeam "Yamal"]
[BlackTeam "SDYUSSHOR SHSH Chigorin Chess Club"]
[WhiteFideId "24105660"]
[BlackFideId "4135539"]
[EventDate "2014.04.07"]

1. e4 c5 2. Nf3 e6 3. d4 cxd4 4. Nxd4 Nc6 5. Nc3 Nf6 6. Ndb5 Bc5 7. Nd6+ Ke7 8.
Bf4 e5 9. Nf5+ Kf8 10. Be3 Bxe3 11. Qd6+ Kg8 12. Nxe3 a6 13. Bc4 g6 14. O-O-O
Kg7 15. h4 h5 16. Rh3 Ne8 17. Qd5 Rf8 18. Rg3 d6 19. Nf5+ Bxf5 20. exf5 Qxh4 21.
fxg6 fxg6 22. Bd3 g5 23. Qe4 Qxe4 24. Nxe4 g4 25. Rh1 Rh8 26. f3 d5 27. Nf2 Nd6
28. fxg4 h4 29. Re3 e4 30. Be2 d4 31. Nxe4 dxe3 32. Nxd6 Rad8 33. Nf5+ Kf6 34.
Rf1 Kg5 35. Nxe3 Rhe8 36. Rf5+ Kh6 37. Rh5+ Kg6 38. Bd3+ Rxd3 39. cxd3 Rxe3 40.
Kd2 Rg3 41. Rxh4 Ne5 0-1

[Event "21st TCh-RUS 2014"]
[Site "Loo RUS"]
[Date "2014.04.08"]
[Round "2.6"]
[Board "6"]
[White "Palchun, Grigory"]
[Black "Rozhkov, Vecheslav"]
[Result "1/2-1/2"]
[WhiteElo "2287"]
[BlackElo "2337"]
[WhiteTeam "SDYUSSHOR SHSH Chigorin Chess Club"]
[BlackTeam "Yamal"]
[WhiteFideId "24147338"]
[BlackFideId "4181484"]
[EventDate "2014.04.07"]

1. e4 c5 2. Nc3 Nc6 3. g3 g6 4. Bg2 Bg7 5. d3 d6 6. f4 e6 7. Nf3 Nge7 8. O-O O-O
9. Be3 Nd4 10. e5 Bd7 11. Ne4 Nef5 12. Bf2 Nxf3+ 13. Bxf3 Bc6 14. g4 Nd4 15. Bg2
dxe5 16. fxe5 Bxe5 17. c3 Nb5 18. Nxc5 Bxg2 19. Kxg2 b6 20. d4 Bc7 21. Nd3 Qd5+
22. Kg1 f5 23. Bg3 fxg4 24. Qxg4 Rf5 25. Ne5 Bxe5 26. Bxe5 Raf8 27. Rxf5 Rxf5
28. Qg2 a6 29. Qxd5 exd5 30. Re1 Na7 31. Bc7 Nc8 32. Re8+ Rf8 33. Re6 Kf7 34.
Re5 Re8 35. Rxd5 Re2 36. b4 Rxa2 37. Rd8 Ne7 38. Bxb6 Rc2 39. Bc5 Nf5 40. d5
Rc1+ 41. Kg2 Rc2+ 42. Kf3 Rxc3+ 43. Ke4 a5 44. Rf8+ Kg7 45. Rb8 axb4 46. Bxb4
Re3+ 47. Kf4 Rd3 48. Rb7+ Kf6 49. Rb6+ Kf7 50. Rb7+ 1/2-1/2

[Event "21st TCh-RUS 2014"]
[Site "Loo RUS"]
[Date "2014.04.09"]
[Round "3.1"]
[Board "1"]
[White "Svidler, Peter"]
[Black "Karjakin, Sergey"]
[Result "1/2-1/2"]
[WhiteTitle "GM"]
[BlackTitle "GM"]
[WhiteElo "2756"]
[BlackElo "2772"]
[WhiteTeam "St. Petersburg"]
[BlackTeam "Malachite (Sverdlovsk region)"]
[WhiteFideId "4102142"]
[BlackFideId "14109603"]
[EventDate "2014.04.07"]

1. Nf3 Nf6 2. g3 d5 3. Bg2 e6 4. O-O Be7 5. d3 O-O 6. Nbd2 c5 7. e4 Nc6 8. Re1
b5 9. e5 Nd7 10. Nf1 b4 11. h4 a5 12. Bf4 a4 13. a3 bxa3 14. bxa3 Ba6 15. Ne3
Rb8 16. c4 dxc4 17. Nxc4 Nb6 18. Nd6 Nd5 19. Qxa4 Rb6 20. Rac1 Nxf4 21. Qxf4
Nxe5 22. Nxe5 Bxd6 23. Qe3 Rb3 24. a4 Qc7 25. Nc4 Be7 26. Ne5 Bd6 27. Nc4 Be7
28. Ne5 1/2-1/2

[Event "21st TCh-RUS 2014"]
[Site "Loo RUS"]
[Date "2014.04.09"]
[Round "3.1"]
[Board "2"]
[White "Grischuk, Alexander"]
[Black "Vitiugov, Nikita"]
[Result "1-0"]
[WhiteTitle "GM"]
[BlackTitle "GM"]
[WhiteElo "2777"]
[BlackElo "2747"]
[WhiteTeam "Malachite (Sverdlovsk region)"]
[BlackTeam "St. Petersburg"]
[WhiteFideId "4126025"]
[BlackFideId "4152956"]
[EventDate "2014.04.07"]

1. e4 c5 2. Nf3 e6 3. c3 d5 4. e5 d4 5. Bd3 Bd7 6. O-O Bc6 7. Na3 Ne7 8. Re1 Ng6
9. Be4 d3 10. Qb3 Qd7 11. Qc4 Bxe4 12. Qxe4 Nc6 13. Nc4 Rd8 14. b3 Be7 15. Re3
O-O 16. Nb2 Qd5 17. Qxd5 Rxd5 18. c4 Rd7 19. Nxd3 Rfd8 20. Nde1 h6 21. g3 b6 22.
Kg2 Bg5 23. Re4 f5 24. exf6 Bxf6 25. Rb1 Kf7 26. Bb2 Nb4 27. a3 Nc6 28. b4 Nce7
29. d3 Nf5 30. h4 h5 31. Bc1 Re8 32. Ng5+ Bxg5 33. Bxg5 e5 34. bxc5 bxc5 35. Re2
Re6 36. Reb2 Ra6 37. Rb7 Rxb7 38. Rxb7+ Kg8 39. Bc1 Nd4 40. Nf3 Rd6 41. Rb8+ Kf7
42. Ng5+ Ke7 43. Ne4 Rb6 44. Bg5+ Kf7 45. Rxb6 axb6 46. Bd8 1-0

[Event "21st TCh-RUS 2014"]
[Site "Loo RUS"]
[Date "2014.04.09"]
[Round "3.1"]
[Board "3"]
[White "Dominguez Perez, Leinier"]
[Black "Leko, Peter"]
[Result "1/2-1/2"]
[WhiteTitle "GM"]
[BlackTitle "GM"]
[WhiteElo "2757"]
[BlackElo "2730"]
[WhiteTeam "St. Petersburg"]
[BlackTeam "Malachite (Sverdlovsk region)"]
[WhiteFideId "3503240"]
[BlackFideId "703303"]
[EventDate "2014.04.07"]

1. e4 e5 2. Nf3 Nc6 3. Bb5 a6 4. Ba4 Nf6 5. O-O Bc5 6. c3 b5 7. Bc2 d5 8. d4
dxe4 9. Nxe5 Nxe5 10. dxe5 Qxd1 11. Rxd1 Ng4 12. Bxe4 Nxf2 13. Bc6+ Ke7 14. Rd5
Bb6 15. Bg5+ f6 16. exf6+ gxf6 17. Bh4 Ng4+ 18. Kh1 Rb8 19. Nd2 Be6 20. Rh5 Nf2+
21. Bxf2 Bxf2 22. Ne4 Rb6 23. Nxf2 Rxc6 24. a4 bxa4 25. Rxa4 Bf7 26. Re4+ Kd7
27. Ra5 Rb8 28. Rd4+ Rd6 29. Rxd6+ cxd6 30. b4 Rc8 31. Rxa6 Bd5 32. Ra5 Ke6 33.
Nd3 Rxc3 34. Nf4+ Ke5 35. Rxd5+ Kxf4 36. Kg1 Rc1+ 37. Kf2 Rc2+ 38. Kg1 Rc1+ 39.
Kf2 Rc2+ 40. Kg1 Rc1+ 1/2-1/2

[Event "21st TCh-RUS 2014"]
[Site "Loo RUS"]
[Date "2014.04.09"]
[Round "3.1"]
[Board "4"]
[White "Shirov, Alexei"]
[Black "Movsesian, Sergei"]
[Result "1/2-1/2"]
[WhiteTitle "GM"]
[BlackTitle "GM"]
[WhiteElo "2702"]
[BlackElo "2670"]
[WhiteTeam "Malachite (Sverdlovsk region)"]
[BlackTeam "St. Petersburg"]
[WhiteFideId "2209390"]
[BlackFideId "310204"]
[EventDate "2014.04.07"]

1. e4 c5 2. Nf3 e6 3. d4 cxd4 4. Nxd4 Nc6 5. Nc3 a6 6. Be3 Nf6 7. f4 Bb4 8. Bd3
Qc7 9. Qd2 Na5 10. a3 Bxc3 11. Qxc3 Qxc3+ 12. bxc3 d5 13. e5 Ne4 14. Nb3 Nc4 15.
Bxc4 dxc4 16. Na5 Bd7 17. Bd4 Rc8 18. O-O-O b6 19. Rhe1 bxa5 20. Rxe4 Bc6 21.
Re2 Bd5 22. Bb6 a4 23. f5 Kd7 24. fxe6+ fxe6 25. Rf2 Rcf8 26. Rdf1 Ke8 27. Bc5
Rxf2 28. Rxf2 h5 29. Kd2 h4 30. Bd6 g5 31. Ke3 g4 32. Kf4 h3 33. g3 Bf3 34. Rd2
Rh5 35. Rd4 Rf5+ 36. Ke3 Bd5 37. Rxg4 Rf3+ 38. Ke2 Rxc3 39. Kd2 Rf3 40. Rg8+ Kf7
41. Rf8+ Kg6 42. Rxf3 Bxf3 43. Ke3 Bd1 44. Kf4 Bxc2 45. Bb4 Bd3 46. g4 Bf1 47.
Bd2 Bg2 1/2-1/2

[Event "21st TCh-RUS 2014"]
[Site "Loo RUS"]
[Date "2014.04.09"]
[Round "3.1"]
[Board "5"]
[White "Matlakov, Maxim"]
[Black "Malakhov, Vladimir"]
[Result "1/2-1/2"]
[WhiteTitle "GM"]
[BlackTitle "GM"]
[WhiteElo "2690"]
[BlackElo "2701"]
[WhiteTeam "St. Petersburg"]
[BlackTeam "Malachite (Sverdlovsk region)"]
[WhiteFideId "4168003"]
[BlackFideId "4120787"]
[EventDate "2014.04.07"]

1. d4 d5 2. c4 c6 3. Nc3 Nf6 4. e3 a6 5. Nf3 Bf5 6. Ne5 Nbd7 7. Qb3 Qc7 8. cxd5
Nxe5 9. dxe5 Nxd5 10. Nxd5 cxd5 11. Bd2 e6 12. Rc1 Qd7 13. Be2 Be7 14. Ba5 Rc8
15. Rxc8+ Qxc8 16. Kd2 O-O 17. Rc1 Qa8 18. Qc3 h6 19. a3 f6 20. Bb4 Bxb4 21.
axb4 d4 22. Qc7 fxe5 23. Qxe5 dxe3+ 24. Kxe3 Qa7+ 25. Rc5 Qb6 26. Qc3 Rd8 27.
Kf3 Qd6 28. g3 Bd3 29. Bxd3 Qxd3+ 30. Kg2 Qe4+ 31. Kh3 Rd3 32. Qc2 Rd4 33. Qxe4
Rxe4 34. b5 Re2 35. bxa6 bxa6 36. b4 Rxf2 37. Rc6 Kf7 38. Rxa6 Rb2 39. Rb6 Kf6
40. g4 Rb3+ 41. Kg2 Kg5 42. Rxe6 Rxb4 43. h3 Rb2+ 44. Kg3 Rb3+ 45. Kg2 Kh4 46.
Re7 g5 1/2-1/2

[Event "21st TCh-RUS 2014"]
[Site "Loo RUS"]
[Date "2014.04.09"]
[Round "3.1"]
[Board "6"]
[White "Bologan, Viktor"]
[Black "Shimanov, Aleksandr"]
[Result "1-0"]
[WhiteTitle "GM"]
[BlackTitle "GM"]
[WhiteElo "2649"]
[BlackElo "2637"]
[WhiteTeam "Malachite (Sverdlovsk region)"]
[BlackTeam "St. Petersburg"]
[WhiteFideId "13900048"]
[BlackFideId "4198603"]
[EventDate "2014.04.07"]

1. d4 d5 2. c4 e6 3. Nf3 Nf6 4. Nc3 c5 5. cxd5 Nxd5 6. e4 Nxc3 7. bxc3 cxd4 8.
cxd4 Bb4+ 9. Bd2 Bxd2+ 10. Qxd2 O-O 11. Bd3 Nc6 12. Bc2 Qa5 13. Qxa5 Nxa5 14.
Ke2 Bd7 15. Rhc1 Rfc8 16. Bd3 Kf8 17. Ke3 Ke7 18. d5 Rxc1 19. Rxc1 Rc8 20. Rxc8
Bxc8 21. Kd4 f6 22. h4 e5+ 23. Nxe5 fxe5+ 24. Kxe5 b6 25. Kd4 Nb7 26. e5 g6 27.
Ba6 h5 28. f3 Kd8 29. Bxb7 Bxb7 30. e6 Ba6 31. g4 hxg4 32. fxg4 Be2 33. g5 b5
34. Ke5 Bc4 35. d6 Bxa2 36. Kf6 b4 37. h5 gxh5 38. g6 Bb1 39. g7 1-0

[Event "21st TCh-RUS 2014"]
[Site "Loo RUS"]
[Date "2014.04.09"]
[Round "3.2"]
[Board "3"]
[White "Kobalia, Mikhail"]
[Black "Artemiev, Vladislav"]
[Result "0-1"]
[WhiteTitle "GM"]
[BlackTitle "IM"]
[WhiteElo "2633"]
[BlackElo "2636"]
[WhiteTeam "University (Belorechensk)"]
[BlackTeam "Rook (Kazan)"]
[WhiteFideId "4119150"]
[BlackFideId "24101605"]
[EventDate "2014.04.07"]

1. e4 c5 2. Nf3 d6 3. d4 cxd4 4. Nxd4 Nf6 5. Nc3 a6 6. Be3 e6 7. g4 b5 8. g5
Nfd7 9. a3 Bb7 10. h4 Nc6 11. Nxc6 Bxc6 12. Qd4 Rb8 13. h5 Qb6 14. h6 Qxd4 15.
Bxd4 Rg8 16. hxg7 Bxg7 17. O-O-O Ke7 18. Bxg7 Rxg7 19. f4 f6 20. gxf6+ Nxf6 21.
Bd3 h5 22. Rh2 Rh8 23. Rh4 Rg4 24. Rdh1 Rhg8 25. Kd2 Rg2+ 26. Ke1 e5 27. fxe5
dxe5 28. Be2 a5 29. Rf1 R8g3 30. Rf2 Rg1+ 31. Rf1 b4 32. axb4 axb4 33. Nd5+ Bxd5
34. exd5 Nxd5 35. Rxh5 Kd6 36. Rh8 Nf4 37. Ba6 R1g2 38. Rd8+ Kc5 39. Rd2 Re3+
40. Kd1 Rg6 41. Bb7 Rg7 42. Bh1 Ra7 43. Rdf2 Rh3 44. Kd2 Ra2 45. Re1 Nd3 46. Rf5
Nxe1 47. Rxe5+ Kd6 48. Rxe1 Rh2+ 49. Kd3 Rxb2 50. Be4 Rhxc2 51. Kd4 Rc3 0-1

[Event "21st TCh-RUS 2014"]
[Site "Loo RUS"]
[Date "2014.04.09"]
[Round "3.2"]
[Board "4"]
[White "Volokitin, Andrei"]
[Black "Landa, Konstantin"]
[Result "1/2-1/2"]
[WhiteTitle "GM"]
[BlackTitle "GM"]
[WhiteElo "2647"]
[BlackElo "2639"]
[WhiteTeam "Rook (Kazan)"]
[BlackTeam "University (Belorechensk)"]
[WhiteFideId "14107090"]
[BlackFideId "4101685"]
[EventDate "2014.04.07"]

1. e4 c5 2. Nf3 Nc6 3. d4 cxd4 4. Nxd4 e6 5. Nc3 Qc7 6. f4 a6 7. Nxc6 Qxc6 8.
Bd3 b5 9. Qe2 Bb7 10. Bd2 Be7 11. a3 Rc8 12. O-O-O Nf6 13. g4 d5 14. exd5 Nxd5
15. Be4 Qc7 16. Kb1 O-O 17. f5 Bf6 18. fxe6 fxe6 19. Nxd5 Bxd5 20. Bc1 Qe5 21.
Rhe1 Bxe4 22. Qxe4 Qxe4 23. Rxe4 Rc6 24. a4 Rd8 25. Rxd8+ Bxd8 26. axb5 axb5 27.
Re5 Rb6 28. Be3 Bc7 29. Bxb6 Bxe5 30. h3 Kf7 31. c3 Ke7 32. Kc2 Kd6 33. Kd3 Kd5
34. b3 g6 35. c4+ bxc4+ 36. bxc4+ Kc6 37. Ke4 Bd6 38. Bd4 Kd7 39. Be5 Ba3 40.
Bb8 Bb2 41. Ba7 Bg7 42. Bd4 Bf8 43. Kf4 Bh6+ 44. Ke4 Bf8 45. Be3 Bg7 46. Bc5 Bh6
47. Be3 Bg7 48. Bg5 Bf8 49. Kd4 Bd6 50. Bf6 Ba3 51. Be5 Bf8 52. Bb8 Ba3 53. Ba7
Bf8 54. Bc5 Bg7+ 55. Ke4 Bh6 56. Bf2 Bg7 57. Bg3 Bf8 58. Kd4 Ba3 59. Be1 Bf8 60.
Bd2 Bd6 61. Be3 Bf8 62. Ke5 Bg7+ 63. Ke4 Bf8 64. Bd4 Bh6 65. h4 Bf8 66. Kf4 Be7
67. h5 gxh5 68. gxh5 Bd8 69. Ke5 Bg5 70. Bc5 Bh4 71. Bf8 Bg5 72. Kd4 Kc6 73. Ke5
Kd7 74. Bg7 Bh4 75. Kf4 Kc6 76. Bd4 Kd6 77. Bb2 Kc5 78. Ke5 Kxc4 79. Kxe6 Bg5
80. Kf7 Kd5 81. Kg7 Ke6 82. Kxh7 Kf7 83. Bc3 1/2-1/2

[Event "21st TCh-RUS 2014"]
[Site "Loo RUS"]
[Date "2014.04.09"]
[Round "3.2"]
[Board "5"]
[White "Tregubov, Pavel V."]
[Black "Timofeev, Artyom"]
[Result "1/2-1/2"]
[WhiteTitle "GM"]
[BlackTitle "GM"]
[WhiteElo "2620"]
[BlackElo "2610"]
[WhiteTeam "University (Belorechensk)"]
[BlackTeam "Rook (Kazan)"]
[WhiteFideId "4115341"]
[BlackFideId "4140419"]
[EventDate "2014.04.07"]

1. d4 Nf6 2. c4 g6 3. g3 Bg7 4. Bg2 d5 5. cxd5 Nxd5 6. e4 Nb4 7. d5 c6 8. a3 Qa5
9. Nc3 cxd5 10. Bf4 N4c6 11. exd5 Nd4 12. Nf3 Bg4 13. O-O O-O 14. Re1 Re8 15.
Be5 Bxe5 16. Rxe5 Nf5 17. h3 Bxf3 18. Qxf3 Nd7 19. Rxf5 gxf5 20. Qxf5 Nf6 21.
Rd1 Qb6 22. Rd2 Rad8 23. h4 Qd6 24. Rd4 Kh8 25. g4 Rf8 26. Rb4 Qd7 27. Qf4 a5
28. Ra4 b5 29. Rd4 Qd6 30. Qxd6 Rxd6 31. Nxb5 Rb6 32. a4 Rd8 33. g5 Ne8 34. Re4
Nd6 35. Rxe7 Nxb5 36. axb5 Kg7 37. Bf1 Rxd5 38. Bc4 Rf5 39. Ra7 Rf4 40. b3 a4
41. Rxa4 Rxh4 42. Bf1 Rh5 43. f4 Rb7 44. Kg2 h6 45. Be2 Rh4 46. gxh6+ Rxh6 47.
Bc4 Rhb6 48. Kf3 Rxb5 49. Bxb5 Rxb5 50. b4 Kf6 51. Ke4 Ke7 52. Kd4 Kd6 53. Ra6+
Kd7 54. Ra7+ Kd6 55. Ra4 Kd7 56. Ke4 Ke6 57. Kf3 Kf6 58. Kg3 Kg7 59. Kf2 Kf6 60.
Kf3 Ke6 61. Kg4 Kf6 62. f5 Rb6 63. Kf4 Rb5 64. Ra6+ 1/2-1/2

[Event "21st TCh-RUS 2014"]
[Site "Loo RUS"]
[Date "2014.04.09"]
[Round "3.3"]
[Board "1"]
[White "Sjugirov, Sanan"]
[Black "Tomashevsky, Evgeny"]
[Result "1/2-1/2"]
[WhiteTitle "GM"]
[BlackTitle "GM"]
[WhiteElo "2653"]
[BlackElo "2697"]
[WhiteTeam "Lada (Samara region)"]
[BlackTeam "Yugra (KhMAO)"]
[WhiteFideId "4189302"]
[BlackFideId "4147235"]
[EventDate "2014.04.07"]

1. e4 e5 2. Nf3 Nc6 3. Bb5 a6 4. Ba4 Nf6 5. O-O Be7 6. d3 b5 7. Bb3 d6 8. a3 O-O
9. Nc3 Bg4 10. Be3 Nd4 11. Bxd4 exd4 12. Nd5 Nd7 13. h3 Bxf3 14. Qxf3 c6 15. Nf4
g6 16. g3 Rb8 17. h4 a5 18. Ne2 a4 19. Ba2 Bf6 20. Qf4 Qe7 21. Qd2 Ne5 22. Kg2
Ng4 23. c3 dxc3 24. bxc3 Bg7 25. Qg5 Qxg5 26. hxg5 Rfe8 27. Rad1 Rb7 28. Kh3 h5
29. gxh6 Nxh6 30. g4 Kf8 31. g5 Nf5 32. Rd2 Ne7 33. f4 f5 34. gxf6 Bxf6 35. Kg4
Ng8 36. Rh1 Kg7 37. Kf3 c5 38. Rg1 Ne7 39. f5 Rh8 40. Nf4 Bxc3 41. Rdg2 Be5 42.
Nxg6 Nxg6 43. Bd5 Kf8 44. fxg6 Rg7 45. Rb1 Rh6 46. Rxb5 Rhxg6 47. Rxg6 Rxg6 48.
Ra5 Rg3+ 49. Ke2 Rg2+ 50. Kf1 Rd2 51. Bc4 Ke7 52. Rxa4 Kf6 53. Ra8 Kg5 54. Rf8
Rd1+ 55. Ke2 Ra1 56. Ra8 Bc3 57. a4 Kf4 58. Kf2 Bd4+ 59. Kg2 Bc3 60. Rf8+ Ke3
61. Rf3+ Kd4 62. Bb5 d5 63. exd5 Kxd5 64. Kh3 Rg1 65. Rf5+ Kd6 66. Rf8 Kc7 67.
Re8 Kb6 68. Re6+ Kb7 69. Kh2 Rg8 70. Ba6+ Kc7 71. Bc4 Rf8 72. Kg3 Rf6 73. Re8
Kb7 74. Kg4 Kb6 75. Kg5 Rf1 76. Re6+ Ka5 77. Bb5 Kb4 78. Rb6 Ka5 79. Ra6+ Kb4
80. Ra8 Bd2+ 81. Kg6 Bc3 82. Ra7 Bd4 83. Rb7 Ka5 84. Kg5 Be3+ 85. Kg4 Bd4 86.
Bc6 Rf6 87. Be8 Rf2 88. Kg3 Rf8 89. Bb5 Rf1 90. Kg4 Bc3 91. Ra7+ Kb4 92. Ra8 Bd4
93. Bc6 c4 94. dxc4 Rg1+ 95. Kf5 Kxc4 96. a5 Rf1+ 97. Ke6 Rf6+ 98. Kd7 Rf7+ 99.
Kd6 Bc5+ 100. Ke6 Re7+ 101. Kf6 Ra7 1/2-1/2

[Event "21st TCh-RUS 2014"]
[Site "Loo RUS"]
[Date "2014.04.09"]
[Round "3.3"]
[Board "2"]
[White "Inarkiev, Ernesto"]
[Black "Bukavshin, Ivan"]
[Result "1/2-1/2"]
[WhiteTitle "GM"]
[BlackTitle "GM"]
[WhiteElo "2691"]
[BlackElo "2608"]
[WhiteTeam "Yugra (KhMAO)"]
[BlackTeam "Lada (Samara region)"]
[WhiteFideId "4162722"]
[BlackFideId "4199758"]
[EventDate "2014.04.07"]

1. Nf3 Nf6 2. c4 e6 3. g3 d5 4. Bg2 dxc4 5. Qa4+ c6 6. Qxc4 b5 7. Qc2 Bb7 8. O-O
Nbd7 9. a4 a6 10. d4 c5 11. Bg5 Rc8 12. axb5 axb5 13. Qb3 b4 14. Nbd2 Be7 15.
Bxf6 Bxf6 16. dxc5 O-O 17. Qxb4 Rb8 18. Qa3 Bxb2 19. Qxb2 Bxf3 20. Qc3 Bxg2 21.
Kxg2 Nxc5 22. Rfd1 Qe7 23. Rac1 Nb3 24. Nxb3 Qb7+ 25. f3 Qxb3 26. Qxb3 Rxb3 27.
Rc7 Rbb8 28. Rdd7 Rbd8 29. g4 Rxd7 30. Rxd7 g5 31. Kg3 Kg7 32. h4 h6 33. e3 Ra8
34. Rd3 Ra1 35. h5 Ra5 36. Rb3 Rc5 37. f4 Ra5 38. Kf3 Rc5 39. Rd3 Ra5 40. Ke4
Rb5 41. Rd7 Rb4+ 42. Kf3 Rb5 43. Ke4 1/2-1/2